Food/Drink Kpop songs - Statistics

General Stats
  • This quiz has been taken 21 times
    9 since last reset
  • The average score is 16 of 95
Answer Stats
Answer % Correct
๐Ÿ
63%
๐Ÿช
50%
๐Ÿ“
50%
๐Ÿฐ
50%
๐Ÿ’
50%
๐Ÿง€
50%
๐ŸŽ๐Ÿฅง
38%
๐Ÿฌ
38%
๐Ÿฆ
38%
๐ŸŽ
38%
๐Ÿ‘
38%
๐ŸŒถ๏ธ๐Ÿฅซ๐Ÿ”ฅ
38%
๐Ÿฉ
38%
๐Ÿ—๐Ÿœ
38%
๐Ÿฌ๐Ÿซง
25%
๐Ÿ“
25%
๐Ÿ“๐Ÿฏ
25%
โ˜•
25%
๐Ÿฎ๐Ÿซง
25%
๐ŸคŽ๐ŸคŽ๐Ÿซ
25%
๐ŸšโŒ
25%
๐Ÿฌ๐Ÿ’ฅ
25%
๐Ÿ‡๐Ÿ˜–
25%
๐Ÿงˆ
25%
๐ŸŠ
25%
๐Ÿฅค๐Ÿ’ฅ
25%
๐Ÿฉต๐Ÿ‹๐Ÿฅค
25%
๐Ÿค๐Ÿก
25%
๐Ÿฌ๐Ÿญ๐Ÿ’ฅ
25%
๐Ÿฆ๐Ÿฅค
25%
๐Ÿš
25%
๐Ÿฏ
25%
๐Ÿฅ›
25%
๐Ÿ‹๐Ÿงƒ
25%
๐Ÿซ
25%
๐Ÿฅค
25%
๐Ÿ˜—๐Ÿซง๐Ÿฌ
25%
๐ŸŸ๐Ÿฆธ
25%
๐Ÿ’๐Ÿ’ฃ
25%
๐Ÿฅ›๐Ÿค
25%
๐Ÿฌ๐Ÿฎ๐Ÿ’—
13%
๐Ÿซ๐ŸŒฐ
13%
๐Ÿงƒ๐Ÿฌ
13%
๐Ÿฆ๐Ÿค
13%
๐ŸงŠโ˜•
13%
๐Ÿงก๐Ÿฅญ
13%
๐Ÿณโ˜€๏ธ
13%
๐ŸŒถ๏ธ
13%
๐Ÿชโšฑ๏ธ
13%
๐Ÿš๐Ÿงฅ
13%
๐Ÿฉต๐ŸŠ๐Ÿฅค
13%
๐Ÿถ๐Ÿค
13%
๐Ÿ“๐Ÿฐ
13%
๐Ÿƒ๐Ÿ‹๐Ÿธ
13%
๐Ÿฅจ
13%
โ˜๏ธ๐Ÿฌ
13%
๐Ÿฅญ
13%
๐Ÿฉท๐Ÿ‹๐Ÿฅค
13%
๐ŸŽ๐Ÿค
13%
๐Ÿ“๐ŸŒ™
13%
๐ŸŒธ๐Ÿต
13%
๐Ÿญ๐ŸŽขโœจ
13%
๐Ÿง€๐Ÿ
13%
๐Ÿƒ๐Ÿซ
13%
๐Ÿซโค๏ธ
13%
๐Ÿบ๐Ÿ†“
13%
๐Ÿฎ๐Ÿ”ฅ
13%
๐Ÿฆ๐Ÿฐ
13%
๐Ÿณ๐Ÿ’ญ
0%
๐Ÿฅฃ๐ŸŒพ๐Ÿฅ›
0%
๐ŸŽโž•๐Ÿ…ฐ๏ธ
0%
๐ŸŒ๐Ÿฆชโœจ
0%
๐Ÿ‰
0%
๐Ÿ’Ž๐Ÿฐ
0%
๐Ÿ๐Ÿ•
0%
โ˜•๐ŸŒ…
0%
๐Ÿญ๐Ÿฐ
0%
๐Ÿฟ
0%
๐Ÿง‹
0%
๐Ÿง€๐Ÿชค
0%
โ˜•๐Ÿก๐Ÿ’—
0%
๐ŸŽ‚๐ŸŽ‰
0%
๐Ÿฌ๐Ÿ˜
0%
๐ŸŒ๐Ÿ˜ท๐Ÿ’
0%
๐Ÿธ๐ŸŒ™
0%
๐Ÿ“๐Ÿฏ๐Ÿฆ‹
0%
๐Ÿฌ๐Ÿ–ค
0%
๐ŸŒธ๐Ÿฏ
0%
๐Ÿ“๐Ÿ‘ค
0%
๐Ÿ”ฅ๐Ÿฅ”
0%
๐Ÿซ๐Ÿšซ
0%
๐Ÿ’๐ŸŽ€
0%
๐Ÿ’๐Ÿ’—โœจ
0%
๐Ÿฆธโ€โ™‚๏ธ๐Ÿฒ
0%
โ˜• OR ๐Ÿน
0%
No matching quizzes found
Score Distribution
Percent of People with Each Score
Percentile by Number Answered
Your Score History
You have not taken this quiz since the last reset